Maľovaná abeceda

Podrobná bibliografia
Hlavný autor: Smrek, Ján, 1898-1982 (Autor)
Ďalší autori: Furiya, Nana, 1961- (Ilustrátor), Uchnár, Peter, 1970- (Ilustrátor)
Médium: Kniha
Jazyk:slovenčina
Fyzický popis:[33] s. fareb. ilustr. 21 cm
Vydavateľské údaje: Bratislava Elán 1998
ISBN:8096764624
Vydanie:1. vyd.
Predmet:

MARC

LEADER 00000cam a2200000 a 4500
001 vtls008743566
003 SK-MaSNL
005 20260301205550.0
008 160627s1998 xo a b 000 p slo
015 |a SNBA2007/01-00033 
020 |a 8096764624  |q (viaz.) 
040 |a SNK  |b slo  |c SNK  |e AACR2 
041 0 |a slo 
044 |a xo  |c SK 
072 7 |a 821.162.4-1  |x Slovenská poézia  |2 konspekt 
072 7 |a 821-93  |x Literatúra pre deti a mládež  |2 konspekt 
080 |a (0:82-193)  |2 2001 
080 |a 821-93  |2 2001 
080 |a 821.162.4-1  |2 2001 
100 1 |a Smrek, Ján,  |d 1898-1982  |4 aut  |9 106970 
245 1 0 |a Maľovaná abeceda  |c Ján Smrek ; ilustrácie: Nana Furiya, Peter Uchnár 
250 |a 1. vyd. 
260 |a Bratislava  |b Elán  |c 1998 
300 |a [33] s.  |b fareb. ilustr.  |c 21 cm 
500 |a Rozlož. ilustr. tit. strana. Ilustr. na predsádkach 
655 7 |a rečňovanky  |2 SNKPH  |9 277107 
655 7 |a poézia pre deti  |2 SNKPH  |9 86748 
655 7 |a slovenská poézia  |2 SNKPH  |9 70444 
700 1 |a Furiya, Nana,  |d 1961-  |4 ill  |9 178203 
700 1 |a Uchnár, Peter,  |d 1970-  |4 ill  |9 100407 
919 |a 80-967646-2-4 
999 |c 910592  |d 912522 
952 |a SNK  |b SNK  |y PREZ  |7 0  |p 17A0529980  |o snkSD 76049  |i snk2006/24653  |8 0  |0 0  |1 0  |4 0  |d 2006-11-23  |l 0  |r 2025-11-24 00:00:00  |w 2026-02-24